Statystyki dla Świat w 1900 roku

Kliknij tutaj aby rozwiązać quiz!

Ogólne statystyki

  • Ten quiz został rozwiązany 15 razy
  • Średni wynik to 20 z 62

Statystyki odpowiedzi

Nazwa państwa% Poprawnych
USA
85%
Austro-Węgry
62%
Belgia
62%
Cesarstwo Japońskie
62%
Dominium Kanady
62%
Holandia
62%
Meksyk
62%
Argentyna
54%
Boliwia
54%
Brazylia
54%
Hiszpania
54%
Luksemburg
54%
Paragwaj
54%
Peru
54%
Chile
46%
Dania
46%
Ekwador
46%
Kostaryka
46%
Nikaragua
46%
Portugalia
46%
Rumunia
46%
Salwador
46%
Serbia
46%
Urugwaj
46%
Wenezuela
46%
Włochy
46%
Bułgaria
38%
Cesarstwo Niemieckie
38%
Haiti
38%
Imperium Osmańskie
38%
Kolumbia
38%
Liechtenstein
38%
Szwajcaria
38%
Andora
31%
Cesarstwo Rosyjskie
31%
Grecja
31%
San Marino
31%
Czarnogóra
23%
Dominikana
23%
Gwatemala
23%
Imperium Brytyjskie
23%
Kuba
23%
Liberia
23%
Maroko
23%
Monako
23%
Abisynia
15%
Imperium Francuskie
15%
Nepal
15%
Syjam
15%
Afganistan
8%
Dynastia Qing
8%
Indie Brytyjskie
8%
Bhutan
0%
Darfur
0%
Emirat Shammar
0%
Kalifat Sokoto
0%
Nadżd
0%
Orania
0%
Persia
0%
Transwal
0%
Unia Szwedzko-Norweska
0%
Wielkie Księstwo Finlandii
0%

Rozkład punktacji

Percentyl według liczby udzielonych odpowiedzi

Procent ludzi z każdym wynikiem

Twoja historia wyników

Nie rozwiązałeś tego quizu